Statistics for Top 30 NBA Players of All Time

Click here to take the quiz!

General Stats

  • This quiz has been taken 37 times
  • The average score is 25 of 30

Answer Stats

RankTeam(s)YearsAnswer% Correct
4.Cavaliers, Heat2003-currentLebron James
100%
3.Lakers1979-1991, 1996Magic Johnson
100%
1.Bulls1983-1993, 1995-2003Michael Jordan
100%
2.Bucks, Lakers1969-1989Kareem Abdul-Jabbar
97%
30.Thunder2008-currentRussell Westbrook
97%
7.Lakers1992-2016Kobe Bryant
94%
6.Celtics1979-1992Larry Bird
94%
5.Warriors, 76ers, Lakers1959-1973Wilt Chamberlain
94%
10.Celtics1956-1969Bill Russell
91%
14.Jazz, Lakers1985-2003Karl Malone
91%
16.Rockets, 76ers, Bullets, Hawks, Bucks, Spurs1976-1995Moses Malone
91%
25.Warrors2009-currentStephen Curry
88%
9.Rockets, Raptors1984-2002Hakeem Olajuwon
84%
20.Thunder, Warrirors2007-currentKevin Durant
84%
8.Royals, Bucks1960-1974Oscar Robertson
84%
12.Magic, Lakers, Heat, Suns, Cavaliers, Celtics1992-2011Shaquille O'Neal
84%
17.76ers, Suns, Rockets1984-2000Charles Barkley
81%
23.Spurs1989-2003David Robinson
81%
21.Timberwolves, Celtics, Nets1995-2016Kevin Garnett
81%
27.Knicks, SuperSonics, Magic1985-2001Patrick Ewing
81%
22.76ers, Nuggets, Pistons, Grizzlies1996-2010Allen Iverson
78%
18.Mavericks1998-currentDirk Nowitzki
78%
13.Lakers1960-1974Jerry West
78%
19.Utah Jazz1984-2000John Stockton
78%
29.Suns, Mavericks, Lakers1996-2015Steve Nash
78%
11.Spurs1997-2016Tim Duncan
78%
24.Bulls, Rockets, Trail Blazers1987-2004Scottie Pippen
75%
15.Nets, 76ers1971-1987Julius Erving
72%
26.Pistons, Pacers, Knicks1981-1994Isiah Thomas
66%
28.Hawks, Clippers, Celtics, Spurs, Magic1982-1999Dominique Wilkins
53%

Score Distribution

Percentile by Number Answered

Percent of People with Each Score

Your Score History

You have not taken this quiz